| 000 | 00448cam a2200181ua 4500 | ||
|---|---|---|---|
| 001 | 977 | ||
| 008 | 110425n ii |||gr||||Z||||||eng | ||
| 040 | _cMAIN | ||
| 082 | _a323.44 | ||
| 245 | 1 |
_aPublic liberties in the new states. _cBy Bayley. |
|
| 250 | _a1st. | ||
| 260 |
_aDelhi.: _bOxford.,964. |
||
| 300 |
_a152 p.: _c20 cm. |
||
| 653 | _aPolitical science. | ||
| 653 | _aPublic liberties in the new states. | ||
| 700 | 1 | _aBayley., | |
| 942 | _cBK | ||
| 999 |
_c896 _d896 |
||